Bulging brains

Bibliographic Details
Main Author: Arnold, Nick
Format: Book
Published: London : Scholastic , 1999
Series:Horrible science
Subjects:

MARC

LEADER 00000cam a2200000 7i4500
001 0000031120
005 20151222.0
008 110615
020 |a 0590113194 
090 0 0 |a JF   |b ENG 
100 1 |a Arnold, Nick 
245 1 0 |a Bulging brains   |c Nick Arnold 
260 |a London :   |b Scholastic ,   |c 1999 
440 |a Horrible science 
500 |a Children ages 10-12 years old (pink) 
650 0 |a Brain   |x miscellanea   |x juvenile literature 
650 0 |a Junior fiction 
999 |a 0001061312   |b Book   |c Children Collection   |e Perbadanan Perpustakaan Awam Johor